000 00682nam a2200193Ia 4500
003 IN-BaIIA
008 211028s9999 xx 000 0 eng d
040 _cIIA Library
080 _a69.01:624
_bIND-21
110 _aBureau of Indian Standards
_920631
245 0 _aIndian standard: method of measurement of building and civil engineering works
_bpt. 21, wood work and joinery
_cBureau of Indian Standards
250 _a3rd ed.
260 _aNew Delhi
_bBureau of Indian Standards
_c1987
300 _a9p.
650 _acivil engineering work
_933820
650 _aIndian standard
_933821
650 _aWood work and joinery
_933822
942 _cBK
999 _c17814
_d17814